Román térség

Bibliographic Details
Main Author: Zaciu, Mircea (Author)
Other Authors: Buitenhuis, Adolf (Photographer), Bouariu, Elena (Illustrator), Kántor, Erzsébet, 1938- (Translator)
Format: Article
Language:Slovak
Hungarian
PhysicalDescription:Fotogr. 1, obr. 1
Subjects:

MARC

LEADER 00000nab a2200000 a 4500
001 vtls000643802
003 SK-MaSNL
005 20260304100550.0
008 250425c1997 xo 0 slo
015 |a SNBRB19rr/mm-uuuuu 
035 |a CL0643941 
035 |a urn:nbn:sk:snk-abh7m 
035 |a (urnnbn)urn:nbn:sk:snk:ar-002n8v 
035 |a (uuid)b33fadb8-adc5-4f0a-8bf3-9959c8d102ac 
040 |a SNKBUCL  |b slo  |c SNKBUCL  |e AACR2 
041 0 |a hun 
044 |a xo  |c SK 
080 |a 859.0-4=945.11  |2 1981 
100 1 |a Zaciu, Mircea  |4 aut  |9 457786 
245 1 0 |a Román térség  |c Mircea Zaciu ; Fotogr. Adolf Buitenhuis ; Illusztr. Elena Bouariu ; Ford. Erzsébet Kántor 
300 |b Fotogr. 1, obr. 1 
650 0 7 |a eseje  |2 snkbucl  |9 144629 
655 7 |a články z novín a časopisov  |2 snkbucl  |9 267496 
700 1 |a Buitenhuis, Adolf  |4 pht  |9 496871 
700 1 |a Bouariu, Elena  |4 ill  |9 1394750 
700 1 |a Kántor, Erzsébet,  |d 1938-  |4 trl  |9 13158 
773 0 |t Kalligram  |g Č. 11-12 (1997), s. 2-4 
850 |a Slovenská národná knižnica 
852 |a Slovenská národná knižnica 
958 |a article27 
958 |a OND 
958 |a HU 
958 |a LX 
958 |a RO 
958 |a NX 
958 |a RK 
992 |a RBX 
999 |c 2838571  |d 2840501